El Régimen local español / Luis Morell Ocaña
ISBN:
84-7398-557-5
Descripción Física:
v. ; 25 cm
Materias:
Administració local -- Espanya
MARC
| LEADER | 00000nam a2200000Ia 4500 | ||
|---|---|---|---|
| 001 | 19985 | ||
| 008 | 160829s1988 xx 000 0 cat d | ||
| 020 | |a 84-7398-557-5 (o.c.), 84-7398-558-3 (v.1) | ||
| 080 | |a M-5-513 | ||
| 100 | |a Morell Ocaña, Luis |9 16057 | ||
| 245 | |a El Régimen local español / Luis Morell Ocaña | ||
| 260 | |a Madrid : |b Civitas, |c 1988 | ||
| 300 | |a v. ; |c 25 cm | ||
| 590 | |a Bibliografia | ||
| 650 | 0 | |a Administració local |z Espanya |9 37433 | |
| 866 | |a 1 | ||
| 901 | |a Arxiu | ||
| 942 | |n 1 | ||
| 952 | |0 0 |1 0 |4 0 |6 M5513 |7 1 |9 51857 |a Arxiu |b Arxiu |d 2016-12-01 |l 0 |o M-5-513 |p 19985 |r 2016-12-01 00:00:00 |w 2016-12-01 |y ARXIU | ||
| 999 | |c 55703 |d 55703 | ||